000
00211 a2200097 4500
001
37937
100
_a
Aziz Zulfiqar
245
_a
Round the world
260
_a
Lahore
_b
Nigarshaat
_c
1997
090
_c
24119
_d
24119
942
_a
NUST-CAE
_c
M
_c
15691
999
_c
273010
_d
273010